|
|
|
|
| LEADER |
00000cam a2200000 c 4500 |
| 001 |
268268770 |
| 003 |
DE-627 |
| 005 |
20251129020806.0 |
| 007 |
tu |
| 008 |
990503s1999 gw ||||| m 00| ||ger c |
| 015 |
|
|
|a 99,N20,0235
|2 dnb
|
| 015 |
|
|
|a 99,H09,0397
|2 dnb
|
| 016 |
7 |
|
|a 956200273
|2 DE-101
|
| 020 |
|
|
|a 3631351747
|c : ca. DM 98.00 (kart., freier Pr.)
|9 3-631-35174-7
|
| 035 |
|
|
|a (DE-627)268268770
|
| 035 |
|
|
|a (DE-576)077820525
|
| 035 |
|
|
|a (DE-599)GBV268268770
|
| 035 |
|
|
|a (OCoLC)845252845
|
| 035 |
|
|
|a (OCoLC)61179326
|
| 040 |
|
|
|a DE-627
|b ger
|c DE-627
|e rakwb
|
| 041 |
|
|
|a ger
|
| 044 |
|
|
|c XA-DE
|c XA-CH
|c XD-US
|
| 050 |
|
0 |
|a KK9498
|
| 084 |
|
|
|a 19
|2 sdnb
|
| 084 |
|
|
|a PH 4980
|2 rvk
|0 (DE-625)rvk/136169:
|
| 084 |
|
|
|a 86.36
|2 bkl
|
| 100 |
1 |
|
|a Döhring, Silke
|d 1974-
|0 (DE-588)121001466
|0 (DE-627)705152472
|0 (DE-576)292490399
|4 aut
|
| 109 |
|
|
|a Döhring, Silke 1974-
|
| 245 |
1 |
0 |
|a Ist das Strafverfahren vom Legalitätsprinzip beherrscht?
|c Silke Döhring
|
| 263 |
|
|
|a brosch. : ca. Dm 98.00 (freier Pr.)
|
| 264 |
|
1 |
|a Frankfurt am Main
|a Berlin
|a Bern
|a New York
|a Paris
|a Wien
|b Lang
|c 1999
|
| 300 |
|
|
|a 285 S.
|c 21 cm
|
| 336 |
|
|
|a Text
|b txt
|2 rdacontent
|
| 337 |
|
|
|a ohne Hilfsmittel zu benutzen
|b n
|2 rdamedia
|
| 338 |
|
|
|a Band
|b nc
|2 rdacarrier
|
| 490 |
1 |
|
|a Europäische Hochschulschriften
|a Reihe 2, Rechtswissenschaft = Droit = Law
|v 2672
|
| 500 |
|
|
|a Literaturverz. S. 251 - 285
|
| 502 |
|
|
|a Zugl.: Passau, Univ., Diss., 1999
|
| 583 |
1 |
|
|a Archivierung prüfen
|c 20240324
|f DE-4165
|z 1
|2 pdager
|
| 650 |
|
0 |
|a Criminal Procedure
|x Germany
|
| 650 |
|
0 |
|a Prosecution
|x Germany
|
| 650 |
|
0 |
|a Criminal act
|x Germany
|
| 650 |
|
0 |
|a Due process of law
|x Germany
|
| 655 |
|
7 |
|a Hochschulschrift
|0 (DE-588)4113937-9
|0 (DE-627)105825778
|0 (DE-576)209480580
|2 gnd-content
|
| 689 |
0 |
0 |
|d g
|0 (DE-588)4011882-4
|0 (DE-627)104704861
|0 (DE-576)208896155
|a Deutschland
|2 gnd
|
| 689 |
0 |
1 |
|d s
|0 (DE-588)4116635-8
|0 (DE-627)105805289
|0 (DE-576)209503211
|a Strafverfahrensrecht
|2 gnd
|
| 689 |
0 |
2 |
|d s
|0 (DE-588)4125491-0
|0 (DE-627)104443553
|0 (DE-576)209577002
|a Legalitätsprinzip
|2 gnd
|
| 689 |
0 |
|
|5 DE-101
|
| 751 |
|
|
|a Passau
|0 (DE-588)4044828-9
|0 (DE-627)106204114
|0 (DE-576)209062509
|4 uvp
|
| 830 |
|
0 |
|a Europäische Hochschulschriften
|n Reihe 2
|p Rechtswissenschaft
|v 2672
|9 2672
|w (DE-627)130134236
|w (DE-576)015671542
|w (DE-600)510544-4
|x 0531-7312
|7 am
|
| 856 |
4 |
2 |
|u http://www.gbv.de/dms/spk/sbb/toc/268268770.pdf
|m V:DE-601
|m B:DE-1
|q pdf/application
|x Verlag
|y Inhaltsverzeichnis
|3 Inhaltsverzeichnis
|7 1
|
| 935 |
|
|
|i Blocktest
|
| 936 |
r |
v |
|a PH 4980
|b Offizialprinzip, Akkusationsprinzip, Legalitätsprinzip, Opportunitätsprinzip; Klageerhebung
|k Rechtswissenschaft
|k Strafrecht, Strafverfahrensrecht, Kriminologie
|k Strafverfahrensrecht
|k Ermittlungsverfahren
|k Offizialprinzip, Akkusationsprinzip, Legalitätsprinzip, Opportunitätsprinzip; Klageerhebung
|0 (DE-627)1272168727
|0 (DE-625)rvk/136169:
|0 (DE-576)202168727
|
| 936 |
b |
k |
|a 86.36
|j Strafprozessrecht
|0 (DE-627)106413570
|
| 951 |
|
|
|a BO
|
| ELC |
|
|
|b 1
|
| LOK |
|
|
|0 000 xxxxxcx a22 zn 4500
|
| LOK |
|
|
|0 001 3096705534
|
| LOK |
|
|
|0 003 DE-627
|
| LOK |
|
|
|0 004 268268770
|
| LOK |
|
|
|0 005 20151116135017
|
| LOK |
|
|
|0 008 150728||||||||||||||||ger|||||||
|
| LOK |
|
|
|0 040
|a DE-21-110
|c DE-627
|d DE-21-110
|
| LOK |
|
|
|0 689
|a s
|a Legalitätsprinzip
|
| LOK |
|
|
|0 852
|z Kein Bestand am IfK; Nachweis für KrimDok
|
| LOK |
|
|
|0 852
|a DE-21-110
|
| LOK |
|
|
|0 852 1
|9 00
|
| LOK |
|
|
|0 935
|a k110
|
| LOK |
|
|
|0 939
|a 28-07-15
|b l01
|
| ORI |
|
|
|a SA-MARC-krimdoka001.raw
|
| TIM |
|
|
|a 100019901003_100020261231
|b 1990-10-03 - 2026
|